Gestió del temps i delegació : manual de consulta / [text: Jaume Triginé Prats] manual de consulta / [text:
Descripción Física:
98 p. ; 30 cm
MARC
| LEADER | 00000nam a2200000Ia 4500 | ||
|---|---|---|---|
| 001 | 19421 | ||
| 008 | 160829s2007 xx 000 0 cat d | ||
| 080 | |a M-5-439 | ||
| 100 | |a Triginé Prats, Jaume |9 39470 | ||
| 245 | |a Gestió del temps i delegació : |b manual de consulta / [text: |b Jaume Triginé Prats] | ||
| 260 | |a Barcelona : |b Diputació de Barcelona, |c 2007 | ||
| 300 | |a 98 p. ; |c 30 cm | ||
| 650 | |a Temps |x Organització |x Manuals, guies, etc. |9 43158 | ||
| 710 | 1 | |a Barcelona (Catalunya : Província). |b Diputació |9 52408 | |
| 901 | |a Arxiu | ||
| 942 | |n 1 | ||
| 952 | |0 0 |1 0 |4 0 |6 M5439 |7 1 |9 50133 |a Arxiu |b Arxiu |d 2016-12-01 |l 0 |o M-5-439 |p 19421 |r 2016-12-01 00:00:00 |w 2016-12-01 |y ARXIU | ||
| 999 | |c 53975 |d 53975 | ||